ბათუმის შოთა რუსთაველის სახელმწიფო უნივერსიტეტის ბიბლიოთეკა

მოქვის სახარება (ალბომი) (ბიბ.ჩანაწერი № 41046)

000 -LEADER
fixed length control field 00697nam a2200229Ia 4500
001 - CONTROL NUMBER
control field 7695
003 - CONTROL NUMBER IDENTIFIER
control field GE_BSU
008 - FIXED-LENGTH DATA ELEMENTS--GENERAL INFORMATION
fixed length control field 181216s||||||||xx |||||||||||||| ||und||
020 ## - INTERNATIONAL STANDARD BOOK NUMBER
International Standard Book Number 9941919855
040 ## - CATALOGING SOURCE
Transcribing agency GE_BSU
080 ## - UNIVERSAL DECIMAL CLASSIFICATION NUMBER
Universal Decimal Classification number 27-247
245 ## - TITLE STATEMENT
Title მოქვის სახარება (ალბომი)
245 #4 - TITLE STATEMENT
Remainder of title The Mokvi Gospel
245 ## - TITLE STATEMENT
Statement of responsibility, etc. რედ.ლია ახობაძე
260 ## - PUBLICATION, DISTRIBUTION, ETC.
Place of publication, distribution, etc. თბილისი
260 ## - PUBLICATION, DISTRIBUTION, ETC.
Name of publisher, distributor, etc. შპს ფაფორიტი პრინტი
260 ## - PUBLICATION, DISTRIBUTION, ETC.
Date of publication, distribution, etc. 2012
300 ## - PHYSICAL DESCRIPTION
Extent 280გვ.ილ.21სმ.
300 ## - PHYSICAL DESCRIPTION
Accompanying material ბიბლიოგრ. გვ.265-276
653 ## - INDEX TERM--UNCONTROLLED
Uncontrolled term მოქვის სახარება
942 ## - ADDED ENTRY ELEMENTS (KOHA)
Koha item type წიგნი
ეგზემპლარები
Withdrawn status Lost status Damaged status Not for loan Date acquired Barcode Date last seen Price effective from Koha item type
        2018-12-17 23555 2018-12-17 2018-12-17 წიგნი